Normal view
MARC view
- بدر عايد نمر القعيد
Entry Personal Name
001 - CONTROL NUMBER
- control field: 65380
003 - CONTROL NUMBER IDENTIFIER
- control field: JO-AjAnu
005 - DATE AND TIME OF LATEST TRANSACTION
- control field: 20240417102149.0
008 - FIXED-LENGTH DATA ELEMENTS
- fixed length control field: 240417|| aca||aabn | a|a d
040 ## - CATALOGING SOURCE
- Original cataloging agency: JO-AjAnu
100 #0 - HEADING--PERSONAL NAME
- Personal name: بدر عايد نمر القعيد
- Relator term: مشرف